Responses for Show #6132 - Tuesday, April 19, 2011

Contestants

[<< previous game]

Mary Mitchell, a State Department attorney from Washington, D.C.

Jason Rhode, a graduate student of philosophy from Lubbock, Texas

Sara Heard, a housewife from Brooklyn, New York (whose 4-day cash winnings total $85,601)

[next game >>]

Jeopardy! Round responses

FROM U.S. TO USSR
25-GAME WINNERS
(Alex: We're talkin' baseball.)
ON THE BRITISH MONARCHY'S WEBSITE
(Alex: Tell us what each item is meant to hold in...)
HOLD IT!
BIBLICAL BOOK TITLES
"ARK", WHO GOES THERE?
    $200 21
Benny Goodman

Sara
    $200 22
the Yankees

Jason
    $200 13
Buckingham Palace

Mary
    $200 11
(Jason: The Temple, the Temple of Solomon... What is?)

the 10 Commandments

JasonMary
    $200 6
A Time to Kill

Jason
    $200 1
the Ozarks

Sara
    $400 23
The Nitty Gritty Dirt Band

Jason
    $400 27
(Alex: Oh, Sara, you're gonna hate yourself over this. [*].)
(Sara: Oh, sorry, Honey.)

the Brooklyn Dodgers

Triple Stumper
    $400 14
curtsy

Jason
    $400 12
tobacco (products)

Sara
    $400 7
Ruth

Mary
    $400 2
aardvark

Sara
    $600 24
Stars and Stripes Forever

Sara
    $600 28
Tom "Terrific" Seaver

Triple Stumper
    $600 15
Facebook

Mary
    $600 18
a CD

Sara
    $600 8
Song of Solomon

Triple Stumper
    $600 3
spark plugs

Jason
    $800 25
Paul Robeson

Mary
    $800 29
the Detroit Tigers

Triple Stumper
    $800 16
the Royal Air Force (RAF)

Jason
    $800 19
coffee

Sara
    $800 9
(Sara: What is Gomorrah?)

Bethlehem

SaraMary
    $800 4
punctuation marks

Mary
    $1000 26
(Jason: What is the Bolshoi Ballet?)
...
(Alex: [*] in Leningrad, the Bolshoi in Moscow.)

the Kirov

SaraJason
    $1000 30
(Sara: Who are the Cubs?)
...
(Alex: What worries me is that I remember all of those games.)

the Philadelphia Phillies

Sara
Triple Stumper
    $1000 17
Jubilee

Sara
    $1000 20
fish

Mary
    $1000 10
(Mary: Who is Absalom?)

Moses

JasonMary
    $1,000 5
trademarks

Mary

Scores at the first commercial break (after clue 15):

Sara Jason Mary
$200 $2,000 $3,000

Scores at the end of the Jeopardy! Round:

Sara Jason Mary
$3,400 $2,400 $4,800

Double Jeopardy! Round responses

ALICE
"WONDER" LAND
RABBIT
THE MAD TEA PARTY
THE LOOKING GLASS
ALL A DREAM
    $400 22
tarts

Jason
    $400 3
It's a Wonderful Life

Jason
    $400 8
hares

Sara
    $400 1
(Sara: What is the foreign trade deficit?)

carbon

Sara
Triple Stumper
    $400 13
microscopes

Sara
    $400 21
reverie

Sara
    $800 23
(Mary: What is the Cheshire Cat?)

Humpty Dumpty

SaraMary
    $800 4
The Wonder Years

Jason
    $800 9
milk

Sara
    $800 2
Obamacare

Sara
    $800 14
Galileo

Mary
    $800 27
(Sara: What is a stomachache?)

a nightmare

SaraMary
    $1200 24
the Cheshire Cat

Jason
    $1200 5
Wonder Woman

Mary
    $1200 10
warrens

Jason
    $1200 18
the Senate

Mary
    $1200 15
Space Shuttles

Mary
    $1200 28
Freud

Sara
    $1600 25
"Jabberwocky"

Jason
    $1600 6
Some Kind of Wonderful

Sara
    $1600 11
ears

Jason
    $1600 19
the UN

Jason
    $3,000 16
Bausch & Lomb

Mary
    $7,000 29
(Sara: What are narcotic dreams?)

pipe dreams

Sara
    $2000 26
the Mad Hatter

Jason
    $2000 7
Wonder Boys

Mary
    $2000 12
Mexico City

Sara
    $2000 20
the Patriot Act

Jason
    $2000 17
(Mary: What are periscopes?)

prisms

Mary
Triple Stumper
    $2000 30
fever

Sara

Scores at the end of the Double Jeopardy! Round:

Sara Jason Mary
$5,600 $15,200 $12,200

[wagering suggestions for these scores]

Final Jeopardy! Round responses

AUTHORS
SaraWho was Herriott?
$3,601
MaryWho is James Herriott
$12,100
JasonWho is James Hiller?
$10,000
James Herriot

Final scores:

Sara Jason Mary
$9,201 $5,200 $24,300
2nd place: $2,000 3rd place: $1,000 New champion: $24,300

Game dynamics:

Coryat scores:

Sara Jason Mary
$12,600 $15,200 $10,800
19 R,
5 W
(including 1 DD)
17 R,
2 W
16 R
(including 2 DDs),
3 W

Combined Coryat: $38,600

[game clues] [game scores] [suggest correction]

Game tape date: 2011-01-21
The J! Archive is created by fans, for fans. Scraping, republication, monetization, and malicious use prohibited; this site may use cookies and collect identifying information. See terms. The Jeopardy! game show and all elements thereof, including but not limited to copyright and trademark thereto, are the property of Jeopardy Productions, Inc. and are protected under law. This website is not affiliated with, sponsored by, or operated by Jeopardy Productions, Inc. Join the discussion at JBoard.tv.